书目信息 |
| 题名: |
暖卫安装工程施工手册
|
|
| 作者: | 张闻民 编著 | |
| 分册: | ||
| 出版信息: | 北京 中国建筑工业出版社 1997 |
|
| 页数: | 704页 | |
| 开本: | 26cm | |
| 丛书名: | ||
| 单 册: | ||
| 中图分类: | TU8-62 | |
| 科图分类: | ||
| 主题词: | 采暖设备--工程施工--手册 , 卫生设备--工程施工--手册 | |
| 电子资源: | ||
| ISBN: | 7-112-03304-7 | |
| 000 | 00714nam0 2200241 450 | |
| 001 | 0100621473 | |
| 005 | 20101130131023.0 | |
| 010 | @a7-112-03304-7@b精装@dCNY62.00 | |
| 011 | @a7-112-03304-7 | |
| 100 | @a20021005d1997 em y0chiy0110 ea | |
| 101 | 0 | @achi |
| 102 | @aCN@b110000 | |
| 105 | @ay z 000yy | |
| 106 | @ar | |
| 200 | 1 | @a暖卫安装工程施工手册@9Nuan Wei An Zhuang Gong Cheng Shi Gong Shou Ce @b专著@f张闻民等编著 |
| 210 | @a北京@c中国建筑工业出版社@d1997 | |
| 215 | @a704页@d26cm | |
| 606 | 0 | @a采暖设备@x工程施工@x手册 |
| 606 | 0 | @a卫生设备@x工程施工@x手册 |
| 690 | @aTU8-62@v3 | |
| 701 | 0 | @a张闻民@9zhang wen min@4编著 |
| 801 | 0 | @aCN@bAiZhiMarc@c19980210 |
| 905 | @dTU8@e20@f1@sTU8/20@S@Z | |
| 暖卫安装工程施工手册/张闻民等编著.-北京:中国建筑工业出版社,1997 |
| 704页;26cm |
| ISBN 7-112-03304-7(精装):CNY62.00 |
| ● |
| 相关链接 |
|
|
|
正题名:暖卫安装工程施工手册
索取号:TU8/20
 
预约/预借
| 序号 | 登录号 | 条形码 | 馆藏地/架位号 | 状态 | 备注 |
| 1 | 2000150010 | 2000150010 | 教材工具书阅览室/工001架A面2层5列/ [索取号:TU8/20] | 在馆 |